[Event "Saint Louis Invitational-A 2019"]
[Site "Saint Louis"]
[Date "2019.11.25"]
[Round "8.5"]
[White "Stremavicius, Titas"]
[Black "Kevlishvili, Robby"]
[Result "1-0"]
[WhiteElo "2506"]
[BlackElo "2475"]
[Annotator "TA"]
[PlyCount "103"]
[EventDate "2019.11.21"]
[EventType "tourn"]
[EventCountry "USA"]
[SourceTitle "playchess.com"]
[Source "ChessBase"]
[SourceQuality "1"]

{[%evp 16,103,17,12,25,28,25,14,35,28,38,30,39,38,51,52,54,41,55,38,88,42,66,68,113,113,163,109,160,160,157,153,156,160,156,127,173,164,191,187,191,191,191,200,187,176,165,162,163,168,175,167,222,221,289,286,257,283,272,218,216,212,227,204,310,325,415,354,559,559,559,316,287,274,196,164,268,286,306,283,472,472,658,658,1038,1018,1014,935,889,871]} 1. c4 c6 2. d4 d5 3. cxd5 cxd5 4. Nc3 Nf6 5. Bf4 Nc6 6. e3 a6 7. Bd3 Bg4 8. Nge2 e6 9. Rc1 Bd6 {D10: Slav Defence: 3 cxd5 (without early Nf3) and 3 Nc3} 10. f3 Bh5 11. Na4 (11. O-O Bg6 12. Na4 O-O 13. Bxg6 hxg6 14. Qb3 Na5 15. Qc3 Bxf4 16. Nxf4 Rc8 17. Qb4 {½-½ (31) Nakamura,H (2764)-Mamedyarov,S (2764) Baku 2014}) 11... O-O {The position is equal.} 12. Nc5 Bxc5 13. Rxc5 Nd7 $146 ({Predecessor:} 13... Bg6 14. Bxg6 hxg6 15. h4 Qb6 16. Rc2 Qa5+ 17. Nc3 {½-½ (27) Ghysens,D (2416)-Bunk,W (2323) ICCF email 2016}) 14. Rc3 e5 15. dxe5 Ndxe5 16. O-O Re8 17. Bc2 Qa5 18. a3 Rad8 19. Bxe5 Rxe5 20. Nd4 Nb8 21. Qc1 (21. Qe1 $18 {And now f4 would win.} Ree8 22. f4) 21... Ree8 (21... h6 $142 22. g4 Bg6) 22. b4 $36 {[%mdl 2048] Black is under strong pressure.} Qb6 23. Ba4 Rf8 24. Rc5 Bg6 25. Qc3 Qf6 26. Rc1 Bf5 27. Rc7 b5 28. Bb3 Be6 29. Nxe6 Qxe6 30. e4 Qb6+ 31. Qc5 Qf6 32. Bxd5 Nd7 33. Qc3 Ne5 (33... Qb6+ {was worth a try.} 34. Kh1 Nf6) 34. f4 $18 Qxf4 35. Rf1 Qg5 36. Rf5 Qxf5 37. exf5 Rxd5 38. h3 Nc4 39. f6 Rd1+ (39... Rd6 $142 40. fxg7 Re8) 40. Kh2 Nd2 {[#]} 41. h4 $1 Nf1+ (41... gxf6 $142 42. h5 (42. Qxf6 Nf1+ 43. Kh3 Rd3+ 44. Kg4 Ne3+ 45. Kg5 h6+ 46. Qxh6 Rfd8 $16) 42... Nf1+ 43. Kh3 Nd2) 42. Kh3 gxf6 43. Rc8 h5 44. Rxf8+ Kxf8 {[%mdl 4096] Endgame KQ-KRN} 45. Qf3 Rb1 (45... Re1 $142 46. Qxh5 Re3+ 47. Kg4 Kg7) 46. g3 (46. Qxh5 Rb3+ 47. Kg4 Kg7 $16) 46... Kg7 47. Kg2 ({Not} 47. Qxh5 Rb3 $16) 47... Nd2 $2 {[#]} (47... Ra1 {might work better.} 48. Qf4 (48. Qxh5 Ne3+ 49. Kf2 Rxa3 $16) 48... Re1) 48. Qxh5 {White is clearly winning.} Rb2 49. Qg4+ Kh7 50. Kh3 Nc4 51. Qf5+ Kg7 52. h5 {Accuracy: White = 79%, Black = 34%.} 1-0

[Event "Saint Louis Invitational-A 2019"]
[Site "Saint Louis"]
[Date "2019.11.26"]
[Round "9.1"]
[White "Kevlishvili, Robby"]
[Black "Matsenko, Sergei"]
[Result "1/2-1/2"]
[WhiteElo "2475"]
[BlackElo "2533"]
[Annotator "TA"]
[PlyCount "28"]
[EventDate "2019.11.21"]
[EventType "tourn"]
[EventCountry "USA"]
[SourceTitle "playchess.com"]
[Source "ChessBase"]
[SourceQuality "1"]

{[%evp 11,22,8,14,26,20,9,22,14,21,44,18,10,15]} 1. e4 e6 2. d4 d5 3. Nd2 c5 4. Ngf3 cxd4 5. Nxd4 Nf6 6. exd5 Qxd5 7. Nb5 {[#] aiming for Nc7+. C07: French Tarrasch: 3...c5, 4 Ngf3 and 4 exd5 Qxd5} Na6 {[%cal Bb8a6,Ba6c5,Bc5d7][%mdl 32]} 8. Nc3 Qd8 9. a3 Be7 10. Qf3 {Strongly threatening Bxa6.} Nc5 11. b4 Ncd7 {Predecessor:} 12. Nc4 $146 Nb6 13. Nxb6 Qxb6 14. Be3 Qc7 {0-1 (41) Ponomariov,R (2714)-Nepomniachtchi,I (2714) Beijing 2014} 1/2-1/2

[Event "Saint Louis Invitational-A 2019"]
[Site "Saint Louis"]
[Date "2019.11.26"]
[Round "9.2"]
[White "Zierk, Steven"]
[Black "Stremavicius, Titas"]
[Result "1/2-1/2"]
[WhiteElo "2512"]
[BlackElo "2506"]
[Annotator "TA"]
[PlyCount "15"]
[EventDate "2019.11.21"]
[EventType "tourn"]
[EventCountry "USA"]
[SourceTitle "playchess.com"]
[Source "ChessBase"]
[SourceQuality "1"]

{[%evp 13,15,29,30,0]} 1. Nf3 d5 2. d4 Nf6 3. c4 e6 4. g3 dxc4 5. Bg2 a6 6. O-O Nc6 7. e3 Bd7 8. Nfd2 $146 {E04: Open Catalan: 5 Nf3} ({Predecessor:} 8. Qe2 b5 9. b3 cxb3 10. axb3 Be7 11. Bd2 O-O 12. Rc1 Nb4 13. Ne5 Nfd5 14. Nc3 c6 15. Ne4 f6 16. Nxd7 Qxd7 17. Nc5 Bxc5 18. Rxc5 f5 19. Ra5 Qc7 20. Ra1 Qd7 21. Ra5 Qc7 22. Ra1 Qd7 {½-½ (22) So,W (2780)-Duda,J (2737) chess.com INT 2018}) 1/2-1/2

[Event "Saint Louis Invitational-A 2019"]
[Site "Saint Louis"]
[Date "2019.11.26"]
[Round "9.4"]
[White "Abrahamyan, Tatev"]
[Black "Yoo, Christopher Woojin"]
[Result "1/2-1/2"]
[WhiteElo "2397"]
[BlackElo "2449"]
[Annotator "TA"]
[PlyCount "177"]
[EventDate "2019.11.21"]
[EventType "tourn"]
[EventCountry "USA"]
[SourceTitle "playchess.com"]
[Source "ChessBase"]
[SourceQuality "1"]

{[%evp 13,177,21,37,34,28,-50,-34,-44,0,0,0,-54,-54,-57,-59,-79,-59,-91,-100,-99,-90,-85,-28,-30,-29,-32,-22,-26,-5,-91,-91,-91,-91,-90,-86,-87,-87,-102,-94,-102,-79,-79,-79,-81,-81,-104,-104,-106,-106,-116,-104,-104,-96,-96,-96,-96,-96,-96,-96,-104,-50,-92,-92,-96,0,-96,-96,-104,-96,-96,-96,-96,-96,-96,-92,-96,-92,-96,-65,-96,-69,-96,-96,-100,-96,-100,-95,-96,-49,-96,-96,-96,-95,-96,-96,-96,-96,-104,-95,-96,-96,-96,-40,-40,-40,-40,-40,-40,-40,-40,-40,-40,-40,-78,-78,-78,-78,-78,-78,-158,-158,-158,-158,-158,-158,-158,-158,-158,-158,-158,-158,-158,-158,-158,-158,-158,-158,-158,-158,-158,-158,-158,-158,-158,-128,-128,-128,-128,-128,-128,-128,-128,-128,-128,-128,-128,-128,-128,-128,-128,-128,-128,-128,-128,-128,-128]} 1. e4 Nf6 2. e5 Nd5 3. d4 d6 4. Nf3 g6 5. Bc4 Nb6 6. Bb3 Bg7 7. Ng5 e6 8. Qf3 {[%csl Gg5][%cal Rf3f7] B04: Alekhine's Defence: 4 Nf3} (8. f4 dxe5 9. fxe5 c5 10. c3 cxd4 11. O-O O-O 12. cxd4 Nc6 13. Nf3 f6 14. exf6 Qxf6 15. Be3 Nd5 16. Bf2 Nf4 17. Nbd2 Qf5 18. Kh1 Qg4 19. Bg3 Bd7 20. Nc4 Rad8 21. Ne3 Qh5 22. Bxf4 Rxf4 23. d5 Be8 24. Qe1 Ne7 {1-0 (52) Rublevsky,S (2692)-Zvjaginsev,V (2672) Cheliabinsk 2016}) 8... Qe7 9. Bf4 ({White should try} 9. Ne4 $11) 9... dxe5 10. dxe5 {Black is slightly better.} h6 $146 ({Predecessor:} 10... Nc6 11. Nc3 Nd4 12. Qd3 Nxb3 13. axb3 Bd7 14. O-O Bc6 15. Nge4 h6 {½-½ (51) Nepomniachtchi,I (2492)-Polaczek,R (2426) playchess.com INT 2005}) 11. Ne4 Nc6 12. Nbd2 ({Better is} 12. Nf6+ $11 Bxf6 13. exf6 Qxf6 14. Bxc7 Qxb2 15. Qc3 Qc1+ 16. Ke2 Qxh1 17. Qxh8+ Ke7 18. Nc3 Qxa1 19. Bxb6) 12... Nd5 $15 13. Ba4 Bd7 {And now ...b5 would win.} 14. Bxc6 $1 Bxc6 15. Bg3 O-O-O {Strongly threatening ...f5.} 16. O-O-O h5 {Hoping for ...h4.} 17. h4 f5 (17... Rd7 $17 18. Nb3 Nb6) 18. exf6 $1 $11 Nxf6 {...Rxd2! is the strong threat.} 19. Qe3 $1 {[%cal Re3a7]} Nxe4 20. Nxe4 Qb4 $36 {[%csl Gg7][%cal Rb4b2][%mdl 2048] [#] White is under pressure.} (20... b6 {is more complex.} 21. Rxd8+ Rxd8 22. f3 Qb4 23. Nc3 Bxc3 24. Qxc3 Qxc3 25. bxc3 Rg8) 21. Nc3 {[#]} (21. Nf6 $1 $11 {[%mdl 512]}) 21... Bxc3 $1 $17 22. Qxc3 Qxc3 23. bxc3 Bxg2 24. Rxd8+ Rxd8 {[%mdl 4096] Endgame KRB-KRB} 25. Re1 Bh3 26. Rd1 Rxd1+ (26... Rd5 {seems wilder.} 27. Rd4 Bf5 28. Ra4 a5 29. Rd4 b6) 27. Kxd1 {KB-KB} Bf1 28. Be5 Kd7 29. f4 c5 30. Kd2 Kc6 31. Bf6 Kb5 32. Kc1 a5 33. Be7 Kc4 34. Kd2 Kd5 35. Ke3 Bh3 36. Bd8 Kc6 ({Black should play} 36... a4 $17 37. a3 Bf5) 37. Kd2 Bf1 38. Be7 Kb5 39. Kc1 $1 Bh3 40. Bf6 Bf5 41. Bd8 Be4 42. Be7 Kc4 43. Kd2 Bd5 44. a3 Be4 45. Bd8 Kb5 46. Kc1 Bf5 47. Be7 Kc4 48. Kd2 Kd5 49. Bd8 Bg4 50. Ke3 b5 51. Be7 Bf5 52. Kd2 Be4 53. Bd8 a4 54. Be7 Bf5 55. Bf6 Kc4 56. Be7 Be4 57. Bd6 g5 (57... Bc6 $17 58. Ke3 Bg2) 58. fxg5 $15 Kd5 59. Be7 Bg6 60. Bf8 e5 61. Be7 c4 62. Bd8 Ke4 63. Bc7 Kf4 64. Bd6 Kg4 65. Bxe5 Kxh4 66. Ke3 (66. Bf6 $142) 66... Kxg5 $17 67. Bd6 Kg4 68. Kf2 Bxc2 69. Kg2 Be4+ 70. Kh2 Bd5 71. Bb4 h4 72. Bc5 Be6 73. Bb4 Kf3 74. Bc5 Ke4 75. Bb4 Kd3 76. Kg2 Bg4 77. Kh2 Kc2 78. Kg2 h3+ 79. Kh2 {Black is better.} Kb3 80. Kg1 Be2 81. Kh2 {[#]} Bf1 $1 82. Kg1 Bd3 83. Kh2 Bf5 84. Kg1 Kc2 85. Kh2 Kd3 86. Kg1 Ke4 87. Kh2 Ke3 88. Bc5+ Kf3 89. Bb4 {Accuracy: White = 55%, Black = 68%.} 1/2-1/2

[Event "Saint Louis Invitational-A 2019"]
[Site "Saint Louis"]
[Date "2019.11.26"]
[Round "9.5"]
[White "Hilby, Craig"]
[Black "Mishra, Abhimanyu"]
[Result "1-0"]
[WhiteElo "2414"]
[BlackElo "2396"]
[Annotator "TA"]
[PlyCount "71"]
[EventDate "2019.11.21"]
[EventType "tourn"]
[EventCountry "USA"]
[SourceTitle "playchess.com"]
[Source "ChessBase"]
[SourceQuality "1"]

{[%evp 14,71,-3,-20,-20,-27,-3,-20,6,5,0,-7,0,0,21,-32,6,12,21,14,18,-16,70,15,36,22,14,14,61,58,63,25,58,77,174,185,181,106,537,525,552,545,532,525,1041,1040,1022,914,899,899,918,885,1146,1145,5685,5346,29986,29981,29983,2295]} 1. Nf3 Nf6 2. Na3 g6 3. g3 Bg7 4. Bg2 O-O 5. O-O d5 6. c4 c6 7. d3 Re8 8. Rb1 e5 {A11: English Opening: 1...c6} 9. b4 Bg4 $146 ({Predecessor:} 9... e4 10. Ne1 exd3 11. Nxd3 Bg4 12. f3 Bf5 13. g4 dxc4 14. Nxc4 Qd4+ 15. Kh1 Qxc4 16. gxf5 Qxa2 {0-1 (33) Banos,O (2207)-Hoffman,A (2447) Zaragoza 2013}) 10. h3 Bxf3 {The position is equal.} 11. Bxf3 Nbd7 12. Qb3 {[%cal Rc4d5]} e4 13. Bg2 a6 14. Rd1 (14. Be3 $11) 14... Qe7 15. Nc2 Rad8 16. Bb2 Ne5 17. Ne3 h5 (17... d4 $11 18. Nc2 e3 19. fxe3 dxe3) 18. dxe4 (18. cxd5 $14 Nxd5 19. Nxd5 (19. Bxe4 Nxe3 20. fxe3 Qg5 $17 {[%mdl 64] Double Attack}) 19... cxd5 20. dxe4) 18... dxe4 19. c5 $36 {[%mdl 2048] White has the initiative.} h4 20. g4 Bh6 21. Ba1 Bf4 22. Qc3 Kg7 23. Rxd8 Qxd8 (23... Rxd8 $16 {keeps fighting.} 24. a4 Kh6) 24. Rd1 $18 Qe7 25. Qd4 ({White should play} 25. Rd6 $18) 25... Rc8 $2 {[%mdl 8192] [#]} (25... Kf8 $16 {is more resistant.}) 26. g5 Nh5 27. Ng4 Re8 28. e3 Qxg5 29. exf4 Nxf4 30. Qxe5+ Rxe5 31. Bxe5+ Kh7 32. Bf6 Ne2+ 33. Kf1 Qf4 34. Kxe2 e3 35. Rd4 Qf5 36. Be4 {Accuracy: White = 61%, Black = 30%.} (36. Rd8 $142 Qc2+ 37. Kxe3 Qc1+ 38. Kf3 g5 39. Rh8+ Kg6 40. Rh6+ Kf5 41. Ne3+ Qxe3+ 42. Kxe3) 1-0

[Event "Saint Louis Invitational-A 2019"]
[Site "Saint Louis"]
[Date "2019.11.26"]
[Round "10.1"]
[White "Matsenko, Sergei"]
[Black "Stremavicius, Titas"]
[Result "1-0"]
[WhiteElo "2533"]
[BlackElo "2506"]
[Annotator "TA"]
[PlyCount "71"]
[EventDate "2019.11.21"]
[EventType "tourn"]
[EventCountry "USA"]
[SourceTitle "playchess.com"]
[Source "ChessBase"]
[SourceQuality "1"]

{[%evp 12,71,41,38,52,46,47,23,36,16,27,-14,0,0,0,0,0,-12,0,-32,3,0,68,60,64,0,26,14,14,0,14,6,9,8,10,0,0,-18,-16,-23,-18,-33,-15,-16,0,0,0,0,0,-29,-33,-112,-105,-110,-6,-2,0,0,8,4,153,133]} 1. Nf3 d6 2. d4 g6 3. e4 Nf6 4. Bd3 Bg7 5. O-O O-O 6. h3 c6 7. c3 Qc7 {B07: Pirc Defence: Miscellaneous Systems} 8. Re1 e5 9. dxe5 (9. Bg5 Nbd7 10. Nbd2 h6 11. Be3 Re8 12. Qc2 Nh5 13. Rad1 Nf8 14. Bf1 Qe7 15. Nc4 {0-1 (69) Van Foreest,J (2629)-Andriasian,Z (2585) Riadh 2017}) 9... dxe5 {White has an edge.} 10. Na3 $146 ({Predecessor:} 10. Nbd2 Nbd7 11. Bc2 Re8 12. Qe2 Nh5 13. Nb3 {½-½ (13) Annageldyev,O (2491)-Komljenovic,D (2514) La Pobla de Lillet 2000}) 10... b5 11. Nc2 a6 12. a4 Bb7 13. Be3 Nbd7 14. Qe2 Rfe8 15. b4 bxa4 16. Rxa4 a5 (16... Bf8 $11) 17. Bc4 h6 $1 18. Nh4 (18. bxa5 $14 c5 19. Nd2) 18... Nf8 19. Bc5 axb4 20. Rxb4 Qc8 21. Bxf8 Kxf8 22. Reb1 Ba6 23. Bxa6 Qxa6 24. Qe3 Kg8 25. Nf3 Bf8 26. Rb6 Qc4 27. Nd2 Qc5 28. Qxc5 Bxc5 29. Rxc6 {[%mdl 64] [#] Double Attack} Ra2 30. Rxf6 {Nb3 is the strong threat.} Rxc2 31. Nb3 ({White should play} 31. Nc4 $15) 31... Rb8 $17 {[%mdl 1024] Black has strong compensation.} 32. Rf3 {[#]} Ba3 (32... f5 $1 $17 {[%mdl 512]} 33. exf5 e4) 33. g4 $11 Kg7 34. Kg2 Rc8 35. Ra1 Bf8 (35... Bd6 $11) 36. Ra7 {Accuracy: White = 38%, Black = 32%.} 1-0

[Event "Saint Louis Invitational-A 2019"]
[Site "Saint Louis"]
[Date "2019.11.26"]
[Round "11"]
[White "Stremavicius, Titas"]
[Black "Matsenko, Sergei"]
[Result "1-0"]
[WhiteElo "2506"]
[BlackElo "2533"]
[Annotator "TA"]
[PlyCount "99"]
[EventDate "2019.11.21"]
[EventType "tourn"]
[EventCountry "USA"]
[SourceTitle "playchess.com"]
[Source "ChessBase"]
[SourceQuality "1"]

{[%evp 14,99,-40,-47,-15,-17,-3,-9,36,0,0,0,-8,-7,45,37,100,108,106,99,173,175,183,175,222,85,209,202,274,276,236,85,109,80,91,87,93,90,77,19,9,14,71,0,0,0,182,166,204,216,215,181,137,0,209,100,337,329,356,334,419,102,100,78,117,31,43,31,32,31,31,43,347,326,298,259,1996,1973,2125,1989,260,2247,2304,2220,1783,1339,1814,1399]} 1. f4 d5 2. Nf3 Nf6 3. g3 g6 4. Bg2 Bg7 5. O-O O-O 6. a4 c5 7. c3 Nc6 8. d3 d4 {A03: Bird's Opening with 1...d5} (8... b6 9. Na3 Bb7 10. Rb1 d4 11. e4 dxe3 12. Nc4 Nd5 13. Qe2 Qd7 14. Bxe3 Nxe3 15. Qxe3 Rad8 16. Rbd1 e6 17. Rfe1 Qc7 {½-½ (49) Yankelevich,L (2440)-Baldauf,M (2487) Austria 2017}) 9. e4 dxe3 10. Bxe3 Nd7 $146 {The position is equal.} ({Predecessor:} 10... Qd6 11. h3 Bf5 12. Ne1 Rfd8 13. Na3 Be4 14. Bxe4 Nxe4 15. Qf3 Nf6 16. Nb5 {½-½ (24) Schmikli,L (2246)-Macsik,T (2264) Hungary 2013}) 11. d4 cxd4 12. Nxd4 Nxd4 13. Bxd4 Nf6 (13... e5 $11 14. fxe5 Nxe5) 14. Re1 Qc7 ({Black should try} 14... Ng4 $14) 15. Na3 $16 a6 16. Qb3 Ng4 (16... Nd7 $16 {is a better defense.}) 17. Bb6 $18 Qd6 18. Rad1 Qf6 19. Bd4 (19. Qb4 $18) 19... Qf5 (19... e5 $16 20. fxe5 Qg5) 20. h3 (20. Rxe7 Be6 $16) 20... Bxd4+ 21. Rxd4 (21. cxd4 $6 Nh6 $16) 21... Nh6 22. Rxe7 $2 (22. g4 $18 {and White stays clearly on top.} Qc5 23. Re5 (23. Bxb7 Rb8 $14)) 22... Qf6 23. Re1 Nf5 24. Rd3 Be6 25. Qb6 $1 Rad8 {[#]} 26. Rxd8 (26. Red1 $1 $16 {[%cal Rd3d8]} Rxd3 27. Rxd3) 26... Rxd8 $11 27. Qf2 ({Much weaker is} 27. Bxb7 Nxg3 28. Bf3 (28. Bxa6 $2 Nh5 $19) 28... Qh4 $17) 27... Rd7 (27... h5 $11 {remains equal.}) 28. a5 (28. g4 $16 Ng7 29. Nc2) 28... h5 29. Nc2 $36 {[%cal Ba3c2,Bc2d4,Bd4f3][%mdl 2080] White has some pressure.} h4 $2 (29... Qd8 $1 $11) 30. g4 $18 Ng3 31. Nd4 Bd5 32. Bxd5 Rxd5 33. Qf3 (33. Re8+ $16 Kh7 34. b4) 33... Rd7 $2 (33... Rxa5 $11 {and Black is okay.} 34. Qe3 (34. Qxb7 Qxf4 35. Qe7 Ra2 $11) 34... Qd8) 34. f5 (34. Qe3 $18 {has better winning chances. Qe8+ is the strong threat.} Kh7 35. Qe5 Qxe5 36. Rxe5) 34... g5 $2 (34... gxf5 $16 35. gxf5 (35. Nxf5 Nxf5 36. gxf5 Kf8 $14) 35... Kh7) 35. Qe3 {Black must now prevent Qe8+.} Kg7 36. Nf3 Rd5 37. Qxg5+ $2 (37. Nxg5 $18 Qc6 38. b4) 37... Qxg5 $16 38. Nxg5 {And now Nf3 would win.} Rxa5 $18 {[%mdl 4096] Endgame [#] KRN-KRN} 39. Rd1 ({White should play} 39. Kf2 $1 $16) 39... Ra2 $1 $14 40. Rd7 Kf6 41. Nxf7 Rxb2 42. Nd6 b5 $2 {[%mdl 8192]} ({Better is} 42... Rc2 $1 $14) 43. Ne8+ $18 Ke5 44. f6 {Strongly threatening f7.} Ke4 $2 (44... Ne2+ 45. Kf1 Nf4) 45. f7 Rb1+ 46. Kf2 {Threatening mate with Nf6+.} Rf1+ 47. Kg2 Ke3 {White is clearly winning.} 48. Re7+ Kd3 49. Nd6 Rf6 50. Re8 {Accuracy: White = 44%, Black = 25%.} 1-0

[Event "Saint Louis Invitational-A 2019"]
[Site "Saint Louis"]
[Date "2019.11.26"]
[Round "12"]
[White "Matsenko, Sergei"]
[Black "Stremavicius, Titas"]
[Result "1/2-1/2"]
[WhiteElo "2533"]
[BlackElo "2506"]
[Annotator "TA"]
[PlyCount "119"]
[EventDate "2019.11.21"]
[EventType "tourn"]
[EventCountry "USA"]
[SourceTitle "playchess.com"]
[Source "ChessBase"]
[SourceQuality "1"]

{[%evp 9,119,-2,0,0,6,-7,0,0,-9,-50,-12,-14,0,0,25,0,-1,-5,0,0,25,16,21,21,26,25,22,22,17,48,51,44,70,70,70,70,70,74,77,29,53,47,83,86,123,100,122,114,107,108,135,137,166,143,167,164,191,147,237,179,341,337,343,329,437,343,482,286,266,31,146,146,830,10,146,14,14,62,62,0,0,-50,-8,-8,-8,-8,-9,-9,19,-8,-8,-8,-8,-14,-8,-8,0,-14,0,0,0,-14,-14,-21,221,-15,-8,-15,-8,-8,-8,-8]} 1. Nf3 d5 2. c4 e6 3. g3 Nf6 4. Bg2 dxc4 5. O-O a6 6. Qc2 {A13: English Opening: 1...e6} Be7 (6... Nbd7 7. a4 c5 8. a5 Be7 9. Qxc4 b5 10. axb6 Bb7 11. d3 O-O 12. Na3 Nxb6 13. Qb3 Bd5 {½-½ (33) Inarkiev,E (2682)-Karjakin,S (2750) Nazran 2019}) 7. Qxc4 O-O 8. Qc2 c5 9. a4 $146 ({Predecessor:} 9. d3 Nc6 10. Be3 Qc7 11. Rc1 Nd7 12. d4 Nb4 13. Qb3 Nd5 14. Bg5 Bxg5 15. Nxg5 {1-0 (56) Burmakin,V (2495)-Valdepenas Octavio,J (2123) La Roda 2019}) 9... Bd7 10. Ne5 Qc7 11. Nxd7 Nbxd7 12. b3 Rac8 13. Bb2 Nd5 14. Nc3 (14. d3 {with more complications.} Ne5 15. Qd2 Rfd8 16. Rc1 Nc6 17. Na3) 14... N7f6 15. Rac1 Qd7 16. Rfd1 Rfd8 17. Qb1 Nb4 18. Ne4 Nxe4 19. Bxe4 h6 20. d4 cxd4 21. Rxd4 Rxc1+ 22. Qxc1 Nd5 23. Bxd5 exd5 24. Rd3 Qe6 25. Qd2 Qc6 {[#]} 26. e4 $1 {[%mdl 512]} Qb6 (26... dxe4 27. Rxd8+) 27. exd5 $40 {[%mdl 128] Black is in trouble.} Bb4 28. Qf4 Qg6 29. Qf3 Rc8 30. Kg2 Rc2 31. Bd4 Bd6 32. a5 Kh7 33. Bb6 Rc8 (33... Rc1 $16 {was worth a try.} 34. Re3 Ra1) 34. Rd4 Be5 $2 (34... f5 35. Rc4 Rf8) 35. Rc4 $18 Re8 36. Re4 f6 37. h4 h5 {[#]} (37... f5 $142 38. Re2 Bd6) 38. Re2 (38. d6 $142 $1 {[%mdl 512] aiming for d7.} Bxg3 (38... Bxd6 39. Rxe8) 39. fxg3 Qxe4 40. Qxe4+ Rxe4 41. d7 Re2+ 42. Kf3) 38... Rc8 39. Qe4 $2 (39. b4 $18) 39... Qxe4+ (39... Rc3 $1 $14) 40. Rxe4 $14 {[%mdl 4096] Endgame KRB-KRB} Kg6 $2 {[%mdl 8192] [#]} (40... Rc2 $16) 41. Re2 $2 (41. Rxe5 $1 $18 {[%mdl 512] Strongly threatening Re7.} fxe5 42. d6) 41... Kf7 {[#]} (41... Kf5 $11) 42. f4 (42. b4 $1 $16) 42... Bd6 $11 43. Re6 Bb4 44. Re2 ({White should try} 44. f5 $14) 44... Rc3 45. f5 (45. Re4 $5 {[%cal Re4b4]} Rxb3 46. Rc4 $11) 45... Rd3 46. Rc2 Rxd5 47. Rc7+ Kg8 48. Rxb7 Rxf5 49. Ra7 Bxa5 50. Rxa6 Be1 51. Ra1 Bc3 52. Rc1 Bd2 53. Rc2 (53. Rc8+ {feels hotter.} Kf7 54. Bc5 Rd5 55. Rc7+ Kg6 56. b4) 53... Be1 54. Bf2 Bb4 55. Rc4 Rb5 56. Re4 Be7 $2 (56... Kf7 $11 {and Black is okay.}) 57. Re3 $2 ({White must play} 57. Rxe7 $18 {Hoping for Re3.} Rxb3 58. Bd4) 57... Bd6 {The position is equal.} 58. Rd3 Be5 59. Be3 Kf7 60. Kf3 {Accuracy: White = 55%, Black = 20%.} 1/2-1/2